[Event "Challenge"]
[Site "http://www.queenalice.com/game.php?id=268946"]
[Date "2007.9.9"]
[Round "-"]
[White "lesangesleader"]
[Black "Feera"]
[Result "0-1"]
[WhiteElo "1695"]
[BlackElo "1662"]

1. Nf3 Nc6 2. d4 d5 3. c4 dxc4 4. Nc3 Be6 5. d5 Bxd5 6. e4 Be6 7. Ng5 Nf6 8.
Qxd8+ Rxd8 9. Nxe6 fxe6 10. Bxc4 Nd4 11. O-O e5 12. f3 e6 13. Be3 Bc5 14. Na4
Be7 15. Bxd4 Rxd4 16. b3 c6 17. Nb2 Bc5 18. Bxe6 Rd6+ 0-1

[Event "Let's Play Chess!"]
[Site "http://www.queenalice.com/game.php?id=272360"]
[Date "2007.9.16"]
[Round "-"]
[White "ESSantos"]
[Black "Feera"]
[Result "1-0"]
[WhiteElo "1738"]
[BlackElo "1771"]

1. e4 e5 2. Bc4 Nc6 3. Qf3 Nf6 4. Ne2 Bc5 5. d3 O-O 6. Bg5 Nb4 7. Bb3 d6 8. h3
Nxc2+ 9. Bxc2 h6 10. Be3 Bb4+ 11. Nbc3 Bxc3+ 12. Nxc3 Be6 13. Qg3 Nh5 14. Qf3 c6
15. Bb3 Qa5 16. Qxh5 Bxb3 17. Qg4 g5 18. O-O Bc2 19. Bd2 Bxd3 20. Rfd1 Bc4 21.
Nd5 Qd8 22. Qh5 cxd5 23. Qxh6 f6 24. b3 Be2 25. Rdc1 dxe4 26. Rc3 Qe8 27. Rc7
Rf7 28. Rac1 Rc8 29. Rxc8 1-0

[Event "Let's Play Chess!"]
[Site "http://www.queenalice.com/game.php?id=272667"]
[Date "2007.9.16"]
[Round "-"]
[White "countdooku"]
[Black "Feera"]
[Result "1-0"]
[WhiteElo "1737"]
[BlackElo "1716"]

1. e4 e5 2. Nf3 d6 3. d4 Bg4 4. Be2 Bxf3 5. Bxf3 Nc6 6. d5 Nd4 7. c3 Nxf3+ 8.
Qxf3 Nh6 9. O-O Qh4 10. h3 Qf6 11. Qe3 Be7 12. c4 Qf4 13. Qxf4 exf4 14. Bxf4 Bf6
15. Nc3 Bxc3 16. bxc3 Ng8 17. e5 O-O-O 18. exd6 cxd6 19. Rfe1 Nf6 20. Re7 Rd7
21. Rxd7 Kxd7 22. Re1 h6 23. Be3 Re8 24. a4 b6 25. Ra1 Re4 26. a5 Rxc4 27. axb6
axb6 28. Bxb6 Nxd5 29. Bd4 g5 30. Ra7+ Ke6 31. Ra3 Kf5 32. Ra6 Ke6 33. Ra3 Kf5
34. Ra6 Ke6 35. Ra3 Nf4 36. Ra2 Kf5 37. Kf1 Ke4 38. Ra6 d5 39. Rxh6 Kd3 40. Rd6
Ra4 41. f3 Ra2 42. Be5 Nxg2 43. Rxd5+ 1-0

[Event "Challenge"]
[Site "http://www.queenalice.com/game.php?id=274639"]
[Date "2007.9.20"]
[Round "-"]
[White "Feera"]
[Black "Bugdi"]
[Result "1-0"]
[WhiteElo "1771"]
[BlackElo "1100"]

1. e4 e5 2. Bc4 Nf6 3. d3 Bc5 4. Nf3 d6 5. Ng5 c6 6. Nxf7 O-O 7. Nxd8+ d5 8.
exd5 cxd5 9. Bb5 Rxd8 10. Qf3 e4 11. dxe4 dxe4 12. Qe2 a6 13. Ba4 Bg4 14. Qc4+
Rd5 15. Bg5 Kf7 16. Bxf6 Ke6 17. Bxg7 b5 18. Qxe4+ Kd6 19. Nc3 Bf5 20. Qxd5+ Ke7
21. Qxc5+ Kf7 22. Bd4 Nd7 23. Qxf5+ Nf6 24. Qxf6+ Ke8 25. Qh8+ Kd7 26. Qxa8 bxa4
27. O-O h5 28. Rfe1 Kd6 29. Qd5+ Kc7 30. Re7+ Kc8 31. Bb6 Kb8 32. Qd8# 1-0

[Event "Challenge"]
[Site "http://www.queenalice.com/game.php?id=274794"]
[Date "2007.9.21"]
[Round "-"]
[White "Bugdi"]
[Black "Feera"]
[Result "0-1"]
[WhiteElo "1131"]
[BlackElo "1751"]

1. e4 Nc6 2. Ne2 Nf6 3. f3 e5 4. g4 h5 5. c4 hxg4 6. fxg4 Nxg4 7. Ng3 d6 8. Bh3
Qh4 9. Bxg4 Bxg4 10. Qa4 Qf6 11. Nc3 Qf3 12. Nf1 Qxh1 13. d3 Be7 14. b4 O-O 15.
Be3 Bh3 0-1

[Event "Challenge"]
[Site "http://www.queenalice.com/game.php?id=275754"]
[Date "2007.9.22"]
[Round "-"]
[White "Feera"]
[Black "Viuva_Negra"]
[Result "0-1"]
[WhiteElo "1778"]
[BlackElo "1594"]

1. e4 e5 2. Qh5 d6 3. Bc4 Qe7 4. Nc3 Nf6 5. Qf3 Be6 6. Bxe6 Qxe6 7. Nd5 Nxd5 8.
exd5 Qd7 9. Qb3 c6 10. Nf3 h6 11. d4 exd4 12. Nxd4 Qe7+ 13. Be3 Qd7 14. O-O Be7
15. Rfe1 O-O 16. Re2 Na6 17. Rae1 Nc5 18. Qc4 Bf6 19. b4 Na4 20. b5 Bxd4 21.
Qxa4 Bxe3 22. Rxe3 cxb5 23. Qb4 Rfe8 24. h3 Rxe3 25. Rxe3 a6 26. Rg3 Rc8 27. Qb2
f6 28. Re3 Qf7 29. Re6 Rc5 30. Qb3 Qh5 31. Rxd6 Qd1+ 32. Kh2 Qd4 33. Rd8+ Kh7
34. d6 Rc3 35. Qf7 Qxf2 36. Rg8 Qg3+ 37. Kg1 Rxc2 38. Rxg7+ Qxg7 39. Qxg7+ Kxg7
40. Kf1 Rd2 0-1

[Event "Challenge"]
[Site "http://www.queenalice.com/game.php?id=277162"]
[Date "2007.9.26"]
[Round "-"]
[White "Feera"]
[Black "Rjasinski"]
[Result "1-0"]
[WhiteElo "1776"]
[BlackElo "1710"]

1. d4 Nf6 2. Bg5 Ne4 3. Nf3 Nxg5 4. Nxg5 e5 5. Nf3 e4 6. Nfd2 d5 7. e3 Be7 8.
Nc3 O-O 9. Qh5 c6 10. g3 Qb6 11. Na4 Qb4 12. b3 b5 13. Nc5 Bxc5 14. dxc5 Qxc5
15. O-O-O Qc3 16. Kb1 a5 17. Bxb5 cxb5 18. Qxd5 Nc6 19. Nxe4 Qb4 20. Qxc6 Be6
21. Rd4 Qa3 22. Qxb5 Rab8 23. Qc6 Rfc8 24. Qd6 Qxd6 25. Nxd6 Rc5 26. Rhd1 1-0

[Event "Challenge"]
[Site "http://www.queenalice.com/game.php?id=277167"]
[Date "2007.9.26"]
[Round "-"]
[White "Feera"]
[Black "The_Hand_of_God"]
[Result "0-1"]
[WhiteElo "1804"]
[BlackElo "1845"]

1. d4 d5 2. Nc3 Nf6 3. Bg5 Bf5 4. Bxf6 exf6 5. e3 Bb4 6. Qd2 Nc6 7. a3 Be7 8.
Bb5 a6 9. Bxc6+ bxc6 10. Na4 O-O 11. Nc5 Re8 12. Nf3 Bxc5 13. dxc5 Be4 14. Nh4
g5 15. Nf3 Bxf3 16. gxf3 Rb8 17. O-O-O Rb5 18. Qd4 Qe7 19. Rhg1 Reb8 20. b4 a5
21. c3 h6 22. Rg4 Qe5 23. f4 Qf5 24. Rdg1 Re8 25. Rh4 Re4 26. Qd1 Kh7 27. Rh5
axb4 28. cxb4 Rc4+ 29. Kb2 Rcxc5 30. f3 Qg6 31. Rh3 Rc4 32. fxg5 fxg5 33. f4
Qf6+ 34. Kb1 Rbxb4+ 35. axb4 Rxb4+ 36. Kc2 Qb2+ 37. Kd3 Rb3+ 38. Qxb3 Qxb3+ 39.
Ke2 gxf4 40. Rf3 Qc2+ 41. Kf1 Qxh2 42. Rxf4 Qh3+ 43. Kf2 Qe6 44. Rfg4 Qf5+ 45.
Ke1 h5 46. Rg5 Qb1+ 47. Kf2 Qb2+ 48. Kf3 Kh6 49. Kf4 Qf6+ 50. Rf5 Qh4+ 51. Kf3
Qe4+ 0-1

[Event "ilestlibremax"]
[Site "http://www.queenalice.com/game.php?id=280542"]
[Date "2007.10.3"]
[Round "1"]
[White "Feera"]
[Black "Paulsains"]
[Result "0-1"]
[WhiteElo "1739"]
[BlackElo "1875"]

1. e4 e5 2. Qh5 Qf6 3. d3 Bc5 4. Nf3 d6 5. Bg5 Qg6 6. Qxg6 hxg6 7. Nc3 f6 8. Be3
Bxe3 9. fxe3 Bg4 10. Nd5 Na6 11. d4 O-O-O 12. Bxa6 bxa6 13. O-O-O c6 14. Nb4 Kb7
15. d5 c5 16. Nc6 Rd7 17. h3 Bxf3 18. gxf3 Ne7 19. Nxe7 Rxe7 20. Rd3 a5 21. Rb3+
Ka6 22. h4 g5 23. h5 g6 24. h6 Reh7 25. c4 Rxh6 26. Rxh6 Rxh6 27. Kc2 Rh3 28.
Rb5 Rxf3 29. Kb3 Rxe3+ 30. Ka4 Rxe4 31. Rxa5+ Kb7 32. Kb5 g4 33. Ra6 g3 34. Rxd6
Kc7 0-1

[Event "Revanche"]
[Site "http://www.queenalice.com/game.php?id=281212"]
[Date "2007.10.4"]
[Round "-"]
[White "Feera"]
[Black "filhoje"]
[Result "1-0"]
[WhiteElo "1750"]
[BlackElo "1640"]

1. e4 e5 2. Nf3 Nc6 3. Bb5 Nf6 4. Bxc6 bxc6 5. Nxe5 Nxe4 6. Qf3 Ng5 7. Qe3 Be7
8. Qf4 Bf6 9. d4 Bb7 10. Qf5 c5 11. Bxg5 Bxg5 12. Qxf7# 1-0

[Event "Challenge"]
[Site "http://www.queenalice.com/game.php?id=286793"]
[Date "2007.10.15"]
[Round "-"]
[White "crashdummy"]
[Black "Feera"]
[Result "1-0"]
[WhiteElo "1968"]
[BlackElo "1698"]

1. f4 Nf6 2. b3 e6 3. Bb2 Ne4 4. Nf3 Bc5 5. e3 O-O 6. Bd3 d5 7. O-O Nc6 8. Bxe4
dxe4 9. Ng5 h6 10. Nxe4 Re8 11. Nxc5 Qd5 12. d4 b6 13. c4 Qf5 14. Nd3 e5 15.
fxe5 Qe4 16. Qe2 Bg4 17. Qd2 Re6 18. Nc3 Qg6 19. Nf4 Qg5 20. Nxe6 fxe6 21. Rf4
Ne7 22. Raf1 Nf5 23. Ne4 Qh5 24. Qf2 Be2 25. Rxf5 exf5 26. Qxf5 Qh4 27. Qf4 Qh5
28. Ng3 Qg4 29. Qxg4 Bxg4 30. d5 Re8 31. e6 c6 32. h3 Bxe6 33. dxe6 Rxe6 34. e4
1-0

[Event "Challenge"]
[Site "http://www.queenalice.com/game.php?id=288255"]
[Date "2007.10.17"]
[Round "-"]
[White "Kronista"]
[Black "Feera"]
[Result "1-0"]
[WhiteElo "1788"]
[BlackElo "1751"]

1. d4 Nf6 2. e3 d5 3. c4 Bf5 4. Nc3 Nc6 5. Bd2 Nb4 6. Rc1 a5 7. Nf3 Ne4 8. Qa4+
c6 9. c5 e6 10. Nxe4 Bxe4 11. a3 Nd3+ 12. Bxd3 Bxd3 13. Ne5 Qg5 14. Nxd3 Qxg2
15. Rf1 Qxh2 16. Ne5 f6 17. Nxc6 Qc7 18. Na7+ Kd8 19. Bxa5 b6 20. Bxb6 1-0

[Event "Challenge"]
[Site "http://www.queenalice.com/game.php?id=288258"]
[Date "2007.10.17"]
[Round "-"]
[White "Feera"]
[Black "Kronista"]
[Result "0-1"]
[WhiteElo "1732"]
[BlackElo "1803"]

1. e4 e5 2. Qh5 Nc6 3. Bc4 Qe7 4. Nf3 Nf6 5. Qf5 g6 6. Qg5 Bg7 7. d3 d6 8. Bb5
Bd7 9. Bxc6 Bxc6 10. Nc3 O-O 11. O-O h6 12. Qg3 Nh5 13. Qh4 Bf6 14. Qh3 Bd7 15.
g4 Kh7 16. Nd5 Qe6 17. Nxf6+ Qxf6 18. Ne1 Nf4 19. Bxf4 Qxf4 20. f3 f5 21. Ng2
fxg4 0-1

[Event "Challenge"]
[Site "http://www.queenalice.com/game.php?id=292390"]
[Date "2007.10.24"]
[Round "-"]
[White "renard77"]
[Black "Feera"]
[Result "0-1"]
[WhiteElo "1807"]
[BlackElo "1723"]

1. d4 Nf6 2. Nf3 d5 3. Nc3 Nc6 4. Bf4 Bg4 5. e3 Bxf3 6. Qxf3 Nb4 7. Bd3 e6 8.
O-O Bd6 9. Bg5 O-O 10. a3 Nc6 11. Nb5 a6 12. Nxd6 cxd6 13. Qh3 h6 14. Qg3 hxg5
15. Qxg5 Ne4 16. Bxe4 Qxg5 0-1